|
|
|
|
| LEADER |
00000nab a2200000 ar4500 |
| 001 |
vtls008413570 |
| 003 |
SK-MaSNL |
| 005 |
20260303070227.0 |
| 008 |
051206c2005 xo wr|p|||||||000 b|slo |
| 015 |
|
|
|a SNBRB2005/12
|2 snkbucl
|
| 038 |
|
|
|a SNKBUCL
|
| 040 |
|
|
|a SNKBUCL
|b slo
|c SNKBUCL
|e AACR2
|
| 041 |
0 |
|
|a slo
|
| 044 |
|
|
|a xo
|c SK
|
| 080 |
|
|
|a 796.88.093.1
|2 UDC-MRF-SK2
|
| 100 |
1 |
|
|a Valko, Juraj
|4 aut
|9 888895
|
| 245 |
1 |
0 |
|a Ôsmy titul pre KSTaK Matej Bardejov, Velgos prekonal Patra
|b druhé kolo extraligy v silovom trojboji, Hurbanovo, 5.11.2005
|c Juraj Valko
|
| 300 |
|
|
|b Fotogr.
|
| 650 |
0 |
7 |
|a silový trojboj
|2 snkbucl
|9 58231
|
| 650 |
0 |
7 |
|a extraliga
|2 snkbucl
|9 18992
|
| 650 |
0 |
7 |
|a 2. kolo
|2 snkbucl
|9 879640
|
| 773 |
0 |
|
|t Muscular Storm
|g Č. 11 (2005), s. 67-69
|x 1336-6068
|
| 852 |
|
|
|a SNK
|b KIS3GCP
|
| 999 |
|
|
|c 1754460
|d 1756390
|